00429 2200169 4500001002100000005001500021008004100036035001900077041000700096082001000103090001600113100002600129245004600155260001700201300002500218650001600243INLIS00000000000153720241224112352241224||||||||| | ||| |||| || |  0010-1224001537 aid0 a373.1 a371.3 YUD r0 aYudhistira Ikranegara00aRangkuman Pengetahuan Umum Lengkap (RPUL) bSinar Kemala a128 hlm.:ius.;22 cm. 0aIlmu Sosial